000 00333nam a2200121 4500
008 180214b xxu||||| |||| 00| 0 eng d
100 _926458
_aBinay, Jejomar C.
245 _aTax reforms/
_cJejomar C. Binay.
260 _aPhilippines:
_bManila Bulletin,
_cc2017.
300 _apage 10.
650 0 _926459
_aTaxation.
942 _2ddc
_cPER
999 _c8622
_d8622